Brock: biología de los microorganismos
Wedi'i Gadw mewn:
| Prif Awdur: | |
|---|---|
| Awduron Eraill: | , |
| Fformat: | Llyfr |
| Iaith: | Sbaeneg |
| Cyhoeddwyd: |
Madrid, España:
Pearson Educación,
2004.
|
| Rhifyn: | Décima edición |
| Pynciau: | |
| Tagiau: |
Ychwanegu Tag
Dim Tagiau, Byddwch y cyntaf i dagio'r cofnod hwn!
|
MARC
| LEADER | 00000nam a2200000 a 4500 | ||
|---|---|---|---|
| 001 | UCI2872 | ||
| 003 | CL-VaPUC | ||
| 005 | 20230803131117.0 | ||
| 008 | 070928e20040000SP |||||||||||||||||spa|d | ||
| 999 | |c 327286 |d 327284 | ||
| 020 | |a 8420536792 | ||
| 040 | |c Pontificia Universidad Católica de Valparaíso | ||
| 082 | 0 | 4 | |a 576 MAD 2004 |2 21 |
| 100 | |a Madigan, Michael T. |e autor |9 611992 | ||
| 245 | 1 | 0 | |a Brock: biología de los microorganismos |
| 250 | |a Décima edición | ||
| 260 | |a Madrid, España: |b Pearson Educación, |c 2004. | ||
| 300 | |a 1011 páginas. | ||
| 500 | |a c.5 Donación Escuela Ing. Bioquímica (s/memo 05-01-2023) | ||
| 583 | |a last modification |c 20070928 00:00:00 |k Rodrigo Vera | ||
| 650 | 0 | |a Microbiología |9 259706 | |
| 650 | 0 | |a Microorganismos |9 264259 | |
| 650 | 0 | |a Enfermedades infecciosas |9 337719 | |
| 650 | 0 | |a Biotecnología |9 259561 | |
| 650 | 0 | |a Enfermedades de origen alimentario |9 545928 | |
| 700 | 0 | |a Martinko, John M |9 524075 | |
| 700 | 0 | |a Parker, Jack |9 524076 | |
| 942 | |c BK |2 ddc | ||
| 945 | |d 20070928 00:00:00 |a jtorresc | ||
| 952 | |0 0 |1 0 |2 ddc |4 0 |6 576_000000000000000_MAD_2004 |7 0 |8 A |9 409919 |a BIBCUR |b BIBCUR |d 2019-11-22 |i 4370937 |o 576 MAD 2004 |p 4370937 |r 2025-04-22 |t 1 |w 2019-11-22 |y BK |k BIO | ||
| 952 | |0 0 |1 0 |2 ddc |4 0 |6 576_000000000000000_MAD_2004 |7 0 |8 A |9 409921 |a BIBCUR |b BIBCUR |d 2019-11-22 |i 4370953 |l 5 |m 2 |o 576 MAD 2004 |p 4370953 |r 2025-04-22 |s 2025-04-22 |t 3 |w 2019-11-22 |y BK |k BIO | ||
| 952 | |0 0 |1 0 |2 ddc |4 0 |6 576_000000000000000_MAD_2004 |7 0 |8 A |9 409922 |a BIBALI |b BIBALI |c RES |d 2019-11-22 |i 4431685 |o 576 MAD 2004 |p 4431685 |r 2025-01-20 |t 4 |w 2019-11-22 |y BK_R |k ALI | ||
| 952 | |0 0 |1 0 |2 ddc |4 0 |6 576_000000000000000_MAD_2004 |7 0 |8 A |9 588570 |a BIBING |b BIBING |d 2023-01-06 |e Donación |i 5656350 |o 576 MAD 2004 |p 5656350 |r 2025-01-20 |t 5 |w 2023-01-06 |y BK |k EIB | ||